Statistics for Public 4-Year Colleges: New York

Click here to take the quiz!

General Stats

  • This quiz has been taken 23 times
  • The average score is 19 of 40

Answer Stats

EnrollmentAnswer% Correct
7,173SUNY College at Buffalo
100%
32,332University at Buffalo
100%
17,075SUNY at Albany
90%
1,820SUNY College of Agriculture and Technology at Cobeskill
90%
26,608Stony Brook University
85%
18,055SUNY at Binghamton
80%
4,535SUNY at Geneseo
75%
18,772CUNY Queens College
65%
5,918SUNY College at Oneonta
65%
15,938CUNY Brooklyn College
60%
7,058SUNY College at Oswego
60%
7,027CUNY York College
55%
7,075SUNY at New Paltz
55%
11,793CUNY College of Staten Island
50%
3,522SUNY at Purchase College
50%
6,991SUNY College at Brockport
50%
15,031CUNY City College
45%
6,658SUNY College at Cortland
45%
19,969CUNY Bernard M Baruch College
40%
24,099CUNY Hunter College
40%
3,764SUNY at Fredonia
40%
4,738SUNY College at Plattsburgh
40%
2,607SUNY College at Potsdam
40%
3,414SUNY College of Technology at Alfred
40%
2,863SUNY College of Technology at Canton
40%
2,634SUNY College of Technology at Delhi
40%
2,850SUNY Institute of Technology at Utica Rome
40%
4,381SUNY College at Old Westbury
35%
1,545SUNY Maritime College
35%
14,932CUNY Lehman College
30%
2,012SUNY College of Environmental Science and Forestry
30%
4,594West Point Military Acadamy
30%
15,210CUNY John Jay College of Criminal Justice
25%
4,134CUNY Medgar Evers College
20%
8,150Fashion Institute of Technology
20%
9,462SUNY Empire State College
20%
14,227CUNY New York City College of Technology
15%
9,348Farmingdale State College
15%
9,017CUNY Graduate School and University Center
10%
1,957Morrisville State College
10%

Score Distribution

Percentile by Number Answered

Percent of People with Each Score

Your Score History

You have not taken this quiz